Cyclisme - Coureurs victorieux en World Tour en 2019 - Statistiques

Statistiques générales
  • Ce quiz a été pris 60 fois
  • Le résultat moyen est 39 sur 92
Statistiques - réponses
Nb de victoires Nationalité Equipe Coureur Equipe actuelle (2024) % Correct
9 France Deceuninck - Quick Step Julian Alaphilippe Soudal - Quick Step
96%
11 Slovénie Team Jumbo-Visma Primoz Roglic Bora-Hansgrohe
96%
11 Irlande Bora-Hansgrohe Sam Bennett Decathlon - AG2R La Mondiale
89%
4 Colombie Team Sky Egan Bernal Ineos Grenadiers
81%
5 Slovénie UAE Team Emirates Tadej Pogacar UAE Team Emirates
81%
7 Australie Lotto Soudal Caleb Ewan Team Jayco AlUla
77%
9 Italie Deceuninck - Quick Step Elia Viviani Ineos Grenadiers
74%
3 Equateur Movistar Team Richard Carapaz EF Education - EasyPost
68%
4 Slovaquie Bora-Hansgrohe Peter Sagan X
66%
7 Allemagne Bora-Hansgrohe Pascal Ackermann Israel Premier Tech
62%
3 Royaume-Uni Michelton-Scott Simon Yates Team Jayco AlUla
62%
3 Belgique Team Jumbo-Visma Wout Van Aert Team Visma - Lease a Bike
62%
4 Colombie UAE Team Emirates Fernando Gaviria Movistar Team
60%
3 Belgique Deceuninck - Quick Step Philippe Gilbert X
57%
2 France Deceuninck - Quick Step Rémi Cavagna Movistar Team
57%
3 Afrique du Sud Michelton-Scott Daryl Impey X
55%
4 Pays-Bas Deceuninck - Quick Step Fabio Jakobsen Team dsm-firmenich PostNL
55%
3 Danemark Astana Pro Team Jakob Fuglsang Israel Premier Tech
55%
1 Suisse Groupama - FDJ Stefan Küng Groupama - FDJ
55%
1 France Groupama - FDJ Thibaut Pinot X
55%
1 France Groupama - FDJ David Gaudu Groupama - FDJ
53%
2 Pays-Bas Corendon - Circus Mathieu Van der Poel Alpecin - Deceuninck
53%
1 Russie/France Team Sky Pavel Sivakov UAE Team Emirates
53%
2 Royaume-Uni Michelton-Scott Adam Yates UAE Team Emirates
51%
3 Australie Team Sunweb Michael Matthews Team Jayco AlUla
51%
2 Colombie Astana Pro Team Miguel Angel Lopez Sans Equipe
51%
1 Italie EF Education First Alberto Bettiol EF Education - EasyPost
49%
2 Espagne Movistar Team Alejandro Valverde X
49%
4 Pays-Bas Team Jumbo-Visma Dylan Groenewegen Team Jayco AlUla
49%
2 Espagne Deceuninck - Quick Step Enric Mas Movistar Team
49%
1 Danemark Deceuninck - Quick Step Kasper Asgreen Soudal - Quick Step
49%
2 Colombie Movistar Team Nairo Quintana Movistar Team
49%
1 Kazakhstan Astana Pro Team Alexey Lutsenko Astana Qazaqstan Team
47%
1 France Groupama - FDJ Arnaud Démare Arkea -B&B Hotels
47%
1 Russie Team Katusha Alpecin Ilnur Zakarin X
47%
1 Danemark Team Jumbo-Visma Jonas Vingegaard Team Visma - Lease a Bike
47%
2 Slovénie Michelton-Scott Luka Mezgec Team Jayco AlUla
47%
1 Etats-Unis Team Jumbo-Visma Sepp Kuss Team Visma - Lease a Bike
47%
2 République Tchèque Deceuninck - Quick Step Zdenek Stybar X
47%
1 Belgique Lotto Soudal Tim Wellens UAE Team Emirates
45%
1 Norvège UAE Team Emirates Alexander Kristoff Uno-X Mobility
43%
1 Norvège Team Dimension Data Edvald Boassen Hagen Decathlon - AG2R La Mondiale
43%
2 Espagne Astana Pro Team Ion Izagirre Cofidis
43%
1 Italie Michelton-Scott Matteo Trentin Tudor Pro Cycling Team
43%
4 Allemagne Bora-Hansgrohe Maximilian Schachmann Bora-Hansgrohe
43%
1 Belgique AG2R La Mondiale Oliver Naesen Decathlon - AG2R La Mondiale
43%
1 Pays-Bas Team Sky Wout Poels Bahrain-Victorious
43%
2 Belgique Bahrain Merida Dylan Teuns Israel Premier Tech
40%
2 Autriche Bora-Hansgrohe Felix Großschartner UAE Team Emirates
40%
1 Italie Team Sky Filippo Ganna Ineos Grenadiers
40%
1 Slovénie Bahrain Merida Matej Mohoric Bahrain Victorious
40%
1 Belgique UAE Team Emirates Jasper Philipsen Alpecin - Deceuninck
38%
1 Espagne Cofidis, Solutions Crédits Jesus Herrada Cofidis
38%
1 Pays-Bas Team Jumbo-Visma Mike Teunissen Intermarché - Wanty
38%
2 Espagne Astana Pro Team Pello Bilbao Bahrain-Victorious
38%
1 Colombie Deceuninck - Quick Step Alvaro José Hodeg UAE Team Emirates
36%
1 Pays-Bas Team Sky Dylan Van Baarle Team Visma - Lease a Bike
36%
1 Belgique CCC Team Greg Van Avermaet X
36%
1 Australie Trek - Segafredo Richie Porte X
36%
1 Belgique Deceuninck - Quick Step Yves Lampaert Soudal - Quick Step
36%
1 Italie/Pologne Bora-Hansgrohe Cesare Benedetti Bora-Hansgrohe
34%
1 Colombie Michelton-Scott Esteban Chaves EF Education - EasyPost
34%
1 Royaume-Uni EF Education First Hugh Carthy EF Education - EasyPost
34%
1 Slovénie Bahrain Merida Jan Tratnik Team Visma - Lease a Bike
34%
1 Belgique Team Jumbo-Visma Laurens De Plus Ineos Grenadiers
34%
2 Belgique Lotto Soudal Thomas De Gendt Lotto Dstny
32%
1 Colombie EF Education First Daniel Felipe Martinez Bora-Hansgrohe
30%
1 Royaume-Uni EF Education First Daniel McLay Arkea - B&B Hotels
30%
1 Danemark Astana Pro Team Magnus Cort Uno-X Mobility
30%
1 France AG2R La Mondiale Nans Peters Decathlon - AG2R La Mondiale
30%
1 Colombie EF Education First Sergio Higuita Bora-Hansgrohe
30%
1 Pays-Bas Trek - Segafredo Bauke Mollema Lidl-Trek
28%
1 Pays-Bas Team Sunweb Cees Bol Astana Qazaqstan Team
28%
1 Italie Androni Giocattoli - Sidermec Fausto Masnada Soudal - Quick Step
28%
1 Italie Trek - Segafredo Giulio Ciccone Lidl - Trek
28%
1 Espagne Astana Pro Team Luis Leon Sanchez X
28%
1 Allemagne Bora-Hansgrohe Emanuel Buchmann Bora-Hansgrohe
26%
1 Allemagne Team Sunweb Nikias Arndt Bahrain-Victorious
26%
1 Italie Bahrain Merida Vincenzo Nibali X
26%
1 Etats-Unis Team Sunweb Chad Haga X
23%
1 Nouvelle-Zélande CCC Team Patrick Bevin Team dsm-firmenich PostNL
23%
1 Australie Bahrain Merida Rohan Dennis X
23%
1 Italie Bora-Hansrgohe Davide Formolo Movistar Team
21%
1 Belgique EF Education First Sep Vanmarcke X
21%
1 Belgique Deceuninck - Quick Step Remco Evenepoel Soudal - Quick Step
19%
1 Belgique Lotto Soudal Victor Campenaerts Lotto Dstny
19%
1 Pays-Bas Team Jumbo-Visma Antwan Tolhoek Sabgal / Anicolor
15%
1 Espagne Burgos - BH Angel Madrazo X
13%
1 Espagne Bahrain Merida Ivan Garcia Cortina Movistar Team
13%
1 Italie Astana Pro Team Dario Cataldo Lidl - Trek
11%
1 Italie Nippo Vini Fantini Faizanè Damiano Cima X
9%
1 Espagne Euskadi Basque Country - Murias Mikel Itturia Euskaltel - Euskadi
4%
Aucun quiz correspondant
Distribution des résultats
% des personnes avec chaque résultat
Percentile par nombre de réponses
Votre historique - résultats
Vous n’avez pas pris ce quiz